000
00194nam a22001097a 4500
041
_a
eng
080
_a
80
100
_a
Gungormus, N.
245
_a
Istambul
650
_a
Turkish
999
_c
278220
_d
278220
942
_c
BK